La Doctrina de la seguridad nacional y el rol político de las fuerzas armadas /
Guardado en:
| 主要作者: | |
|---|---|
| 格式: | Texto |
| 標簽: |
添加標簽
沒有標簽, 成為第一個標記此記錄!
|
MARC
| LEADER | 00000 a a2200000 04500 | ||
|---|---|---|---|
| 001 | 10953 | ||
| 003 | |||
| 040 | |||
| 100 | |a Tapia Valdés, Jorge | ||
| 245 | |a La Doctrina de la seguridad nacional y el rol político de las fuerzas armadas / |c Jorge Tapia Valdés | ||
| 773 | |g número 47; páginas 23-46 | ||
| 999 | |c 32473 |d 32473 | ||
